The Goldbergs ('49-'56) Characters (Slideshow) Quiz Stats

Quiz not verified by Sporcle

Challenge
Share
Tweet
Score 0/6 Timer 03:00
0 Plays Today
% Correct
Molly Goldberg
100%
Jake Goldberg
66.7%
Sammy Goldberg
66.7%
Uncle David Romain
66.7%
Rosie Goldberg
50%
Mrs. Hermann
33.3%

You're not logged in!

Compare scores with friends on all Sporcle quizzes.
Sign Up with Email
OR
Log In

You Might Also Like...

Show Comments

Extras

Top Quizzes Today


Score Distribution

Your Account Isn't Verified!

In order to create a playlist on Sporcle, you need to verify the email address you used during registration. Go to your Sporcle Settings to finish the process.